书目信息 |
| 题名: |
安全防范报警系统部分 三
|
|
| 作者: | ;公安部科技局 编 | |
| 分册: | ||
| 出版信息: | 北京 中国标准出版社 2004.03 |
|
| 页数: | 370页 | |
| 开本: | 26cm | |
| 丛书名: | ||
| 单 册: | ||
| 中图分类: | D631.43 | |
| 科图分类: | ||
| 主题词: | 政治--中国 | |
| 电子资源: | ||
| ISBN: | 7-5066-3402-3 | |
| 000 | 00708nam0 2200229 450 | |
| 001 | 0732928483 | |
| 005 | 20071214090929.47 | |
| 010 | @a7-5066-3402-3@dCNY73.00 | |
| 100 | @a20071214d2004 km y0chiy0120 ea | |
| 101 | 0 | @achi |
| 102 | @aCN@b110000 | |
| 200 | 1 | @a安全防范报警系统部分 三@Aan quan fang fan bao jing xi tong bu fen san@f公安部科技局编@Fgong an bu ke ji ju bian |
| 205 | @a2版 | |
| 210 | @a北京@c中国标准出版社@d2004.03 | |
| 215 | @a370页@d26cm | |
| 300 | @a社会公共安全标准汇编 | |
| 606 | 0 | @a政治@x中国 |
| 690 | @aD631.43@v4 | |
| 711 | 02 | @a公安部科技局@Agong an bu ke ji ju@4编 |
| 801 | 0 | @aCN@b大连网信软件有限公司图书馆@c20071214 |
| 905 | @aBZT@dD631.43@e1-3 | |
| 906 | @dCNY73.00@n0@r1 | |
| 安全防范报警系统部分 三/公安部科技局编.-2版.-北京:中国标准出版社,2004.03 |
| 370页;26cm |
| 社会公共安全标准汇编 |
| ISBN 7-5066-3402-3:CNY73.00 |
| ● |
| 相关链接 |
|
|
|
正题名:安全防范报警系统部分 三
索取号:D631.43/1-3
 
预约/预借
| 序号 | 登录号 | 条形码 | 馆藏地/架位号 | 状态 | 备注 |
| 1 | 627870 | 2000627870 | 中心书库南/011架B面5层1列/ [索取号:D631.43/1-3] | 在馆 | |
| 2 | 627871 | 2000627871 | 中心书库南/011架B面5层1列/ [索取号:D631.43/1-3] | 在馆 | |
| 3 | 627872 | 2000627872 | 中心书库南/011架B面5层1列/ [索取号:D631.43/1-3] | 在馆 | |
| 4 | 627873 | 2000627873 | 中心书库南/011架B面5层1列/ [索取号:D631.43/1-3] | 在馆 | |
| 5 | 627874 | 2000627874 | 中心书库南/011架B面5层1列/ [索取号:D631.43/1-3] | 在馆 |